Zhodnotenie postupov prijatia štandardov ESRS v účtovných jednotkách bankového sektoru v podmienkach Slovenskej republiky diplomová práca

Gespeichert in:
Bibliographische Detailangaben
1. Verfasser: Dlhá, Viktória
Körperschaft: Fakulta hospodárskej informatiky EU. Katedra účtovníctva a audítorstva
Weitere Verfasser: Stanley, Renáta, 1981-
Format: Buch
Sprache:Slowakisch
Veröffentlicht: Bratislava 2025
Tags: Tag hinzufügen
Keine Tags, Fügen Sie das erste Tag hinzu!

MARC

LEADER 00000nbm a2200000 4500
001 0310566
005 20260317112502.2
041 0 |a slo 
044 |a SK 
245 1 0 |a Zhodnotenie postupov prijatia štandardov ESRS v účtovných jednotkách bankového sektoru v podmienkach Slovenskej republiky  |b diplomová práca  |c Viktória Dlhá ; školiteľ: Renáta Stanley 
264 1 |a Bratislava  |c 2025 
300 |a 64 s. 
100 1 |a Dlhá, Viktória 
700 1 |a Stanley, Renáta, 1981- 
710 2 |a Fakulta hospodárskej informatiky EU. Katedra účtovníctva a audítorstva